Las formas espirituales de la afectividad /

Kaydedildi:
Detaylı Bibliyografya
Yazar: Hildebrand, Dietrich von (autor)
Diğer Yazarlar: Palacios, Juan Miguel (prefacio) (prefacio)
Materyal Türü: Kitap
Dil:İspanyolca
Baskı/Yayın Bilgisi: Madrid, España : Encuentro, 2016, c2016
Seri Bilgileri:(Nuevo Ensayo ; 11)
Konular:
Etiketler: Etiketle
Etiket eklenmemiş, İlk siz ekleyin!

MARC

LEADER 00000nam^a2200000^a^4500
001 000585871
005 20250521000000.0
009 20260310132738.834
020 |a 978-84-9055-144-8 
037 |a Acervo Xavier Clavigero 
041 |a ESP 
082 |a 142. 7  |b HIL OBR FOR 
100 |a Hildebrand, Dietrich von  |e (autor) 
245 1 4 |a Las formas espirituales de la afectividad /  |c D. von Hildebrand ; tr. de J.M. Palacios. 
264 4 |a Madrid, España :  |b Encuentro,  |c 2016, c2016 
300 |a 62 p. 
336 |a texto  |b txt  |2 rdacontenido 
337 |a sin mediación  |b n  |2 rdamedio 
338 |a volumen  |b nc  |2 rdasoporte 
440 1 |a (Nuevo Ensayo ;  |v 11) 
500 |a Traducción de: Die geistigen Formen der Affektivität 
521 |a Peticiones 2024 
545 0 |a Dietrich von Hildebrand (Florencia, 1889 – New Rochelle, Nueva York, 1977), filósofo y teólogo alemán, uno de los mayores exponentes del pensamiento católico del siglo XX. Hijo del escultor Adolf von Hildebrand, fue criado en un entorno laico e inició sus estudios con Theodor Lipps en la Universidad de Munich. Marchó después a la de Gotinga, donde fue discípulo de Eduard Husserl y Adolf Reinach y entabló amistad con Max Scheler. Doctorado en Filosofía (1912) y converso al catolicismo (1914), enseñó en la universidad muniquesa (1918-33). Abierto opositor de Adolf Hitler desde un inicio, el ascenso y expansión nazistas lo obligaron a partir a la Universidad de Viena (1933-38), cuando publicó el semanario antinazi Der christliche Ständestaat [El Estado corporativo cristiano], y el Instituto Católico de Toulouse, Francia (1938-40). Exiliado en Nueva York, impartió clases durante 18 años en la Universidad Fordham, de la Compañía de Jesús, hasta 1960. Von Hildebrand respalda una filosofía fenomenológica de intención realista y ambición metafísica y religiosa y aunque abordó los diferentes ámbitos del campo filosófico, es recordado particularmente por sus contribuciones para un personalismo ético cristiano. La idea de la acción moral (1916), Moralidad y conocimiento ético de los valores (1921), Pureza y virginidad (1927), El matrimonio (1929), Metafísica de la comunidad (1930), Liturgia y personalidad (1933), Engelbert Dolifuss: un estadista católico (1934), Nuestra transformación en Cristo: sobre la actitud fundamental del cristiano (1940), Mi lucha contra Hitler (1940), Ética cristiana (1952), Moral auténtica y sus falsificaciones (1955), ¿Qué es filosofía? (1960), El arte de vivir (1965), El corazón: un análisis de la afectividad humana y divina (1965), El caballo de Troya en la Ciudad de Dios (1967), La encíclica Humanae vitae: signo de contradicción (1968) y Moralia: obra póstuma (1980) forman parte de su obra. 
649 |a XX 
650 |a Afectividad -  |x Filosofía -  |x Tema Principal 
650 |a Espiritualidad 
650 |a Filosofía y Religión 
650 |a Fenomenología -  |x Tema Principal 
650 |a Filosofía del Siglo XX 
650 |a Filosofía Alemana 
700 |a Palacios, Juan Miguel  |e (prefacio) 
910 |a Fondo General 
920 |a Impresos - Libros 
930 |a Colección General 
905 |a 101 
901 |a 0500407666  |b IT1  |c ACC  |i C2456  |u 20250521 
902 |a https://opac.biblio.iteso.mx/vufind/Record/000585871